Welcome to CU Library Online Public Access Catalogue (OPAC)

The road ahead / (Record no. 9156)

MARC details
000 -LEADER
fixed length control field 00956cam a2200277 a 4500
001 - CONTROL NUMBER
control field 4453623
005 - DATE AND TIME OF LATEST TRANSACTION
control field 20260325131405.0
008 - FIXED-LENGTH DATA ELEMENTS--GENERAL INFORMATION
fixed length control field 951004s1995 nyua 001 0 eng
020 ## - INTERNATIONAL STANDARD BOOK NUMBER
International Standard Book Number 0670772895
Qualifying information alk. paper
020 ## - INTERNATIONAL STANDARD BOOK NUMBER
International Standard Book Number 9780670772896
Qualifying information (alk. paper)
050 00 - LIBRARY OF CONGRESS CALL NUMBER
Classification number HE7572.U6
Item number G38 1995
082 00 - DEWEY DECIMAL CLASSIFICATION NUMBER
Classification number 004.6/7
Edition information 20
100 1# - MAIN ENTRY--PERSONAL NAME
Personal name Gates, Bill,
Dates associated with a name 1955-
245 14 - TITLE STATEMENT
Title The road ahead /
Statement of responsibility, etc. Bill Gates, with Nathan Myhrvold and Peter Rinearson.
260 ## - PUBLICATION, DISTRIBUTION, ETC.
Place of publication, distribution, etc. New York :
Name of publisher, distributor, etc. Viking,
Date of publication, distribution, etc. 1995.
300 ## - PHYSICAL DESCRIPTION
Extent xiv, 286 p. :
Other physical details ill. ;
Dimensions 24 cm. +
Accompanying material 1 computer laser optical disc (4 3/4 in.)
500 ## - GENERAL NOTE
General note Includes index.
650 #0 - SUBJECT ADDED ENTRY--TOPICAL TERM
Topical term or geographic name entry element Information superhighway
Geographic subdivision United States.
650 #0 - SUBJECT ADDED ENTRY--TOPICAL TERM
Topical term or geographic name entry element Information technology
Geographic subdivision United States.
650 #0 - SUBJECT ADDED ENTRY--TOPICAL TERM
Topical term or geographic name entry element Computer networks
Geographic subdivision United States.
650 #0 - SUBJECT ADDED ENTRY--TOPICAL TERM
Topical term or geographic name entry element Telecommunication
Geographic subdivision United States.
650 #0 - SUBJECT ADDED ENTRY--TOPICAL TERM
Topical term or geographic name entry element Computer industry
Geographic subdivision United States.
700 1# - ADDED ENTRY--PERSONAL NAME
Personal name Myhrvold, Nathan.
700 1# - ADDED ENTRY--PERSONAL NAME
Personal name Rinearson, Peter,
Dates associated with a name 1954-
942 ## - ADDED ENTRY ELEMENTS (KOHA)
Source of classification or shelving scheme Library of Congress Classification
Koha item type Books
Suppress in OPAC No
999 ## -
-- 9156
-- 9156
Holdings
Withdrawn status Lost status Source of classification or shelving scheme Damaged status Not for loan Collection Home library Current library Shelving location Date acquired Total checkouts Full call number Barcode Date last seen Copy number Price effective from Koha item type
    Library of Congress Classification     Non-fiction Business Library (Miotso) Business Library (Miotso) General stacks 03/25/2026   HE7572.U6G38 1995 BSSM00003013 03/25/2026 1 03/25/2026 Books
© 2023-2024 Copyright: Central University Libraries. All Rights Reserved | Created by: Mahone Tech Office